000 00432nam a2200181Ia 4500
001 7418
005 20260306160454.0
008 260306t2000||||xx |||||||||||||| ||spa||
041 _aESP
082 _a338.985
_bB72
100 _aBoloña Behr, Carlos
_eAUT
245 0 _aExperiencias para una economía al servicio de la gente
260 _c2000
300 _a
_c
650 _aGEN
654 _aCAN
942 _cLIB
_dJUS
_fJUS
_2ddc
_n
999 _c7418
_d7418